MARC details
| 000 -LEADER |
| fixed length control field |
00969cam a22002774a 4500 |
| 001 - CONTROL NUMBER |
| control field |
4981121 |
| 005 - DATE AND TIME OF LATEST TRANSACTION |
| control field |
20231210233601.0 |
| 008 - FIXED-LENGTH DATA ELEMENTS--GENERAL INFORMATION |
| fixed length control field |
981210s1999 nyu b 001 0 eng |
| 020 ## - INTERNATIONAL STANDARD BOOK NUMBER |
| ISBN |
0312220081 (hardcover) |
| 040 ## - CATALOGING SOURCE (பட்டியலாக்க மூலம்) |
| Original cataloging agency |
DLC |
| Transcribing agency |
DLC |
| Modifying agency |
DLC |
| 082 00 - DDC Classification |
| Class No. |
305.42 |
| DDC Edition Number |
21 |
| Item Number - Author Mark |
MOA. |
| 100 1# - MAIN ENTRY--PERSONAL NAME |
| Personal name |
Moane, Geraldine, |
| 245 10 - TITLE STATEMENT |
| Title |
Gender and colonialism : |
| Remainder of title |
a psychological analysis of oppression and liberation / |
| Statement of responsibility, etc. |
Geraldine Moane ; foreword by Mary Daly ; consultant editor, Jo Campling. |
| 260 ## - PUBLICATION, DISTRIBUTION, ETC. |
| Place of publication, distribution, etc. |
New York : |
| Name of publisher, distributor, etc. |
St. Martin's Press, |
| Date of publication, distribution, etc. |
1999. |
| 300 ## - PHYSICAL DESCRIPTION |
| Extent (e.g. Volumes, Pages etc.) |
xiii, 228 p. ; |
| 650 #0 - SUBJECT ADDED ENTRY--TOPICAL TERM |
| Topical term or geographic name entry element |
Women |
| 650 #0 - SUBJECT ADDED ENTRY--TOPICAL TERM |
| Topical term or geographic name entry element |
Sex discrimination against women |
| 650 #0 - SUBJECT ADDED ENTRY--TOPICAL TERM |
| Topical term or geographic name entry element |
Oppression (Psychology) |
| 650 #0 - SUBJECT ADDED ENTRY--TOPICAL TERM |
| Topical term or geographic name entry element |
Women |
| 650 #0 - SUBJECT ADDED ENTRY--TOPICAL TERM |
| Topical term or geographic name entry element |
Liberty. |
| 700 1# - ADDED ENTRY--PERSONAL NAME |
| Personal name |
Campling, Jo. |
| Relator term (Role) |
Editor |
| 856 42 - ELECTRONIC LOCATION AND ACCESS |
| Uniform Resource Identifier |
<a href="http://www.loc.gov/catdir/bios/hol057/98035652.html">http://www.loc.gov/catdir/bios/hol057/98035652.html</a> |
| 856 42 - ELECTRONIC LOCATION AND ACCESS |
| Uniform Resource Identifier |
<a href="http://www.loc.gov/catdir/description/hol056/98035652.html">http://www.loc.gov/catdir/description/hol056/98035652.html</a> |
| 856 41 - ELECTRONIC LOCATION AND ACCESS |
| Uniform Resource Identifier |
<a href="http://www.loc.gov/catdir/toc/hol052/98035652.html">http://www.loc.gov/catdir/toc/hol052/98035652.html</a> |
| 942 ## - Koha item type (Biblio) |
| Koha item type |
Books in Stacks (Lending) |